书目信息 |
| 题名: |
LOFTS改造与更新设计
|
|
| 作者: | 莫尔纳, , 艾森伯格·莫尔纳 著 ;重庆仁豪景观设计有限公司 译 | |
| 分册: | ||
| 出版信息: | 北京 中国建筑工业出版社 2003.10 |
|
| 页数: | 160页 | |
| 开本: | 28cm | |
| 丛书名: | ||
| 单 册: | ||
| 中图分类: | TU241 | |
| 科图分类: | ||
| 主题词: | 住宅--zhu zhai--建筑设计 | |
| 电子资源: | ||
| ISBN: | 7-112-05824-4 | |
| 000 | 01148nam0 2200301 450 | |
| 001 | CAL 012004037828 | |
| 005 | 20050913164854.10 | |
| 010 | @a7-112-05824-4@dCNY 95.00 | |
| 099 | @aCAL 012004037828 | |
| 100 | @a20040415d2003 ekmy0chiy0121 ea | |
| 101 | 1 | @achi@ceng |
| 102 | @aCN@b110000 | |
| 105 | @aaf z 000yy | |
| 200 | 1 | @aLOFTS改造与更新设计@ALOFTS gai zao yu geng xin she ji@e城市居住的新设想@f(美) 艾森伯格·莫尔纳著@F(mei)ai sen bo ge·mo er na zhu@g重庆仁豪景观设计有限公司译 |
| 210 | @a北京@c中国建筑工业出版社@d2003.10 | |
| 215 | @a160页@c图 (部分彩图)@d28cm | |
| 306 | @a本书由美国Rockport出版社授权翻译出版 | |
| 312 | @a英文并列题名取自版权页 | |
| 510 | 1 | @aLofts@zeng |
| 517 | 1 | @a城市居住的新设想@Acheng shi ju zhu de xin she xiang |
| 606 | 0 | @a住宅@Azhu zhai@x建筑设计 |
| 690 | @aTU241@v4 | |
| 701 | 1 | @a莫尔纳,@Amo er na,@bF.E.@g(Molnar, Felicia Eisenbarg)@4著 |
| 701 | 0 | @a艾森伯格·莫尔纳@Aai sen bo ge·mo er na@4著 |
| 712 | 02 | @a重庆仁豪景观设计有限公司@Achong qing ren hao jing guan she ji you xian gong si@4译 |
| 801 | 0 | @aCN@bXMU@c20050913 |
| 905 | @a10447@dTU241@eA380 | |
| 906 | @dCNY95.00@n0@r1 | |
| LOFTS改造与更新设计:城市居住的新设想/(美) 艾森伯格·莫尔纳著/重庆仁豪景观设计有限公司译.-北京:中国建筑工业出版社,2003.10 |
| 160页:图 (部分彩图);28cm |
| ISBN 7-112-05824-4:CNY 95.00 |
| ● |
| 相关链接 |
|
|
|
正题名:LOFTS改造与更新设计
索取号:TU241/A380
 
预约/预借
| 序号 | 登录号 | 条形码 | 馆藏地/架位号 | 状态 | 备注 |
| 1 | 551856 | 205518563 | 建筑库101/101建筑库 57排5列3层/ [索取号:TU241/A380] | 在馆 |